000 00949nam a22002657a 4500
999 _c21498
_d21498
003 AR-CdUCM
008 190220b ||||| |||| 00| 0 spa d
020 _a9789972511776
040 _aMUNICIPALIDAD PROVINCIAL DEL CUSCO
_cBIBLIOTECA MUNICIPAL DEL CUSCO
082 _a335.4/R72
_bR72
100 _aRochabrún, Guillermo
_910236
245 _aBatallas por la teoría :
_ben torno a Marx y el Perú /
_cGuillermo Rochabrún ; [corrección de textos, Carol Pasco A.]
260 _aLima :
_bInstituto de Estudios Peruanos, IEP,
_c2007.
300 _a565 páginas. :
_c21 cm.
440 _aSerie Ideología y Política,
_n29.
_945087
500 _zIncluye referencias bibliográficas.
650 _aMarxismo
_924
650 _aSocialismo
_945088
650 _aEnsayos
_945089
650 _aConferencias
_9376
700 _aPasco A., Carol
_945090
710 _aInstituto de Estudios Peruanos (Lima)
_99759
942 _2ddc
_cLIBROS
945 _aRoel